[Event "POL Olympiad U14 Girls"]
[Site "Spala"]
[Date "2014.12.30"]
[Round "2.15"]
[White "Gredka, Dominika"]
[Black "Zalewska, Katarzyna"]
[Result "1-0"]
[WhiteElo "1470"]
[BlackElo "1331"]
[PlyCount "107"]
[EventDate "2014.04.06"]
[EventType "swiss"]
[EventRounds "9"]
[EventCountry "POL"]
[SourceTitle "EXT 2023"]
[Source "ChessBase"]
[SourceDate "2022.10.05"]
[SourceVersion "1"]
[SourceVersionDate "2022.10.05"]
[SourceQuality "1"]

1. e4 e5 2. Nf3 Nc6 3. Bb5 a6 4. Ba4 b5 5. Bb3 Nf6 6. 0-0 Be7 7. Re1 d6 8. h3 0-0 9. c3 Re8 10. d4 Bb7 11. Nbd2 Bf8 12. Bc2 h6 13. Nf1 g6 14. Ng3 Bg7 15. Be3 Kh7 16. Qd2 Re7 17. d5 Nb8 18. Rad1 Rd7 19. Qc1 Ne8 20. Kh2 c6 21. dxc6 Bxc6 22. Kg1 Bb7 23. a3 Nc6 24. Re2 Qc7 25. h4 Nf6 26. h5 Ne7 27. hxg6+ fxg6 28. Bd2 Rh8 29. Bb3 Nfg8 30. Nh4 Bf6 31. Nf3 Kg7 32. Nh2 Bh4 33. Ngf1 d5 34. exd5 Bxd5 35. Bxd5 Nxd5 36. Nf3 Bf6 37. N1h2 Nf4 38. Bxf4 Rxd1+ 39. Qxd1 exf4 40. Ng4 g5 41. Rd2 Ne7 42. Rd7 Qc8 43. Nxf6 Kxf6 44. Qd6+ Kf5 45. Nd4+ Kg4 46. Qe6+ Kh5 47. Rxe7 Qa8 48. Qh3+ Kg6 49. Re6+ Kg7 50. Qh5 Qd5 51. Re7+ Kf6 52. Re6+ Kg7 53. Qg6+ Kf8 54. Re8# 1-0

[Event "POL Olympiad U14 Girls"]
[Site "Spala"]
[Date "2014.12.30"]
[Round "5.8"]
[White "Trusz, Julia"]
[Black "Gredka, Dominika"]
[Result "1/2-1/2"]
[WhiteElo "1533"]
[BlackElo "1470"]
[PlyCount "63"]
[EventDate "2014.04.06"]
[EventType "swiss"]
[EventRounds "9"]
[EventCountry "POL"]
[SourceTitle "EXT 2023"]
[Source "ChessBase"]
[SourceDate "2022.10.05"]
[SourceVersion "1"]
[SourceVersionDate "2022.10.05"]
[SourceQuality "1"]

1. e4 Nf6 2. e5 Nd5 3. d4 d6 4. c4 Nb6 5. exd6 cxd6 6. Nc3 g6 7. Be3 Bg7 8. h3 0-0 9. Nf3 Nc6 10. Rc1 Bf5 11. Be2 Rc8 12. 0-0 Nb4 13. b3 Nc6 14. Re1 Re8 15. Qd2 d5 16. c5 Na8 17. Bh6 Bh8 18. Bb5 a6 19. Bxc6 Rxc6 20. Bf4 Rc8 21. Re2 Nc7 22. Bxc7 Rxc7 23. Rce1 Qd7 24. Ne5 Bxe5 25. Rxe5 Be6 26. Qf4 Rcc8 27. Qf3 Rcd8 28. Na4 Qc6 29. Nc3 Qd7 30. Na4 Qc6 31. Nb6 Kg7 32. Na4 1/2-1/2

[Event "EU-ch U14 Girls 24th"]
[Site "Batumi"]
[Date "2014.10.21"]
[Round "3"]
[White "Gharibyan, Mane"]
[Black "Gredka, Dominika"]
[Result "1-0"]
[WhiteElo "1617"]
[BlackElo "1419"]
[PlyCount "79"]
[EventDate "2014.10.19"]
[EventType "swiss"]
[EventRounds "9"]
[EventCountry "GEO"]
[SourceTitle "EXT 2016"]
[Source "ChessBase"]
[SourceDate "2015.10.08"]
[SourceVersion "1"]
[SourceVersionDate "2015.10.08"]
[SourceQuality "1"]

1. e4 c5 2. Nf3 e6 3. b3 d6 4. Bb5+ Nd7 5. Bb2 Ngf6 6. Qe2 a6 7. Bxd7+ Bxd7 8. 0-0 Be7 9. d3 0-0 10. e5 dxe5 11. Nxe5 Bc8 12. Nd2 Qc7 13. Ng4 Nxg4 14. Qxg4 e5 15. Qg3 f6 16. a4 b6 17. Rfe1 Bb7 18. Nc4 b5 19. Ne3 Rfe8 20. h4 Rad8 21. Ng4 Kh8 22. h5 Rf8 23. axb5 axb5 24. Ne3 Bc8 25. Bc3 b4 26. Bb2 Bb7 27. Nc4 Bd5 28. Ne3 Be6 29. Ra6 Bc8 30. Ra8 Qb7 31. Rea1 Qc6 32. R8a7 Qd6 33. Nc4 Qe6 34. Qf3 Rd7 35. Ne3 Rxa7 36. Rxa7 Qd6 37. Qg3 Rf7 38. Ra8 Rf8 39. h6 g6 40. Qf3 1-0

[Event "POL Olympiad U12 Girls"]
[Site "Walbrzych"]
[Date "2013.??.??"]
[Round "4.8"]
[White "Gredka, Dominika"]
[Black "Kaniowska, Anna"]
[Result "0-1"]
[WhiteElo "1395"]
[BlackElo "1305"]
[PlyCount "48"]
[EventDate "2013.04.??"]
[EventType "team-swiss"]
[EventRounds "9"]
[EventCountry "POL"]
[SourceTitle "EXT 2015"]
[Source "ChessBase"]
[SourceDate "2014.11.20"]
[SourceVersion "1"]
[SourceVersionDate "2014.11.20"]
[SourceQuality "1"]

1. e4 e5 2. Nf3 Nc6 3. Bb5 a6 4. Ba4 Nf6 5. 0-0 Be7 6. Re1 b5 7. Bb3 d6 8. h3 Na5 9. d4 Nxb3 10. axb3 exd4 11. Nxd4 Bb7 12. Nf5 0-0 13. Ng3 Re8 14. Bf4 Bf8 15. Nd2 g6 16. Qf3 Bg7 17. Rab1 h6 18. b4 Qe7 19. Ndf1 Bxe4 20. Nxe4 Nxe4 21. Qd3 g5 22. Bh2 c6 23. f3 Qa7+ 24. Kh1 Nf2+ 0-1